000 00688cab a2200229 4500
001 WB3142-44
008 090401t1995 xxu||||| |||| 00| 0 eng d
035 _a(Sirsi) u22218
041 _aeng
245 _aOffice costs index
260 _c1995
350 _a0
490 _aScotsman
_v7 November 1995, 29(1)
520 _aThe Scotsman/Procord office costs index shows a rise in the annual average cost per employee, in property operations and support services.
650 _aOCCUPANCY COSTS
650 _aOFFICES
650 _aSCOTLAND
650 _aSCOTSMAN/PROCORD OFFICE COSTS INDEX
690 _aOFFICE SERVICES AND ADMINISTRATION
942 _n0
948 _c04/03/1997
999 _c14881
_d14881